000
00201 a2200097 4500
001
10559
100
_a
Hume, K J
245
_a
Engineering Metrology.
260
_a
_b
Macdonald
_c
090
_c
8171
_d
8171
942
_a
NUST-CAE
_c
M
_c
34902
999
_c
245632
_d
245632